| 000 | 00508nam a22001697a 4500 | ||
|---|---|---|---|
| 003 | OSt | ||
| 005 | 20220930191751.0 | ||
| 008 | 220930b |||||||| |||| 00| 0 eng d | ||
| 020 | _a0-942006-22-4 | ||
| 040 | _cBiblioteca Lado V | ||
| 082 |
_a708 _bP578k |
||
| 100 |
_953 _aPhyllis, Plous _ecurador |
||
| 245 | _aKnowledge: Aspects of Cenceptual Art/ | ||
| 260 |
_aSanta Barbara _bUniversity Art Museum Santa Barbara _c1992 |
||
| 300 |
_a88p. _c23x29cm |
||
| 942 |
_2ddc _c1 _h708 _iP578k _n0 |
||
| 999 |
_c2165 _d2165 |
||